000 00481nam a22001931a 4500
001 5255
003 OSt
005 20260204212008.0
008 051212s1994||||mx ||||||b||||||||||spa||
020 _a9687392002
050 _a658 J452l
100 _aJensen, Ronald L.
245 _aLaboratorio de administración de empresas / Ronald L. Jensen
250 _a4
264 _aMéxico : Daym LRWN
300 _a150 p
650 _a1.Administración de EmpresasÌ
942 _2ddc
_cBK
999 _c5255
_d5255